Rosa Duarte : (Registro nro. 14999)

Detalles MARC
000 -LIDER
fixed length control field 01114nam a2200301 a 4500
001 - NÚMERO DE CONTROL
Identificador de número de control
003 - IDENTIFICACDOR DE NÚMERO DE CONTROL
control field DO-SdBPM
005 - DATE AND TIME OF LATEST TRANSACTION
control field 20250313072708.0
008 - ELEMENTOS DE LONGITUD FIJA
fixed length control field 100406s2023 dr 001 0dspa d
040 ## - FUENTE DE CATALOGACIÓN
Agencia que crea de manera original el registro DO-SdBPM
Idioma de catalogación spa
Agencia que realiza la transcripción BPMSU
049 ## - LOCAL HOLDINGS (OCLC)
Holding library
082 ## - NÚMERO DE CLASIFICACIÓN DECIMAL DE DEWEY
Classification number 923.27293
Item number D812r 2023
Edition number 22
245 00 - MENCIÓN DE TITULO
Título Rosa Duarte :
Subtítulo heroína trinitaria /
Mención de responsabilidad compilador Wilson Gómez Ramírez
250 ## - MENCIÓN DE EDICION
Mención de edición 3a. ed.
260 ## - PUBLICACIÓN, DISTRIBUCIÓN, ETC. (PIE DE IMPRENTA)
Lugar de publicación, distribución, etc Santo Domingo :
Nombre del editor, distribuidor, etc. Instituto Duartiano,
Fecha de publicación, distribución, etc 2023
300 ## - DESCRIPCIÓN FÍSICA
Extensión 31 p. ;
Dimensiones 16 cm.
500 ## - NOTA GENERAL
Nota general Escudo nacionales vigente
500 ## - NOTA GENERAL
Nota general Incluye referencias bibliográficas y notas al pie de páginas
500 ## - NOTA GENERAL
Nota general Secretaría de Estado de Educación Bellas Artes y Cultos en el año del Sesquicentenario de la Independencia Nacional
590 ## - NOTA LOCAL
Texto de la nota local Inventariado, 2025/VM
Enlace
600 14 - ENCABEZAMIENTO DE MATERIA--NOMBRE PERSONAL
Nombre personal Duarte, Rosa
Fechas asociadas con el nombre 1820-1888
650 #4 - ENCABEZAMIENTO DE MATERIA--TEMÁTICO
Término temático o nombre geográfico como elemento de entrada Poesía dominicana
651 #4 - ENCABEZAMIENTO DE MATERIA--NOMBRE GEOGRÁFICO
Nombre geográfico República Dominicana
Subdivisión temática general Historia
Subdivisión cronológica 1844-1930
Subdivisión temática general Fuentes
700 1# - ASIENTO SECUNDARIO -- NOMBRE PERSONAL
Nombre personal Gómez Ramírez, Nelson
Mención de responsabilidad compilador
Fechas asociadas con el nombre
710 2# - ASIENTO SECUNDARIO -- NOMBRE CORPORATIVO
Nombre corporativo o de jurisdicción República Dominicana.
Unidad subordinada Instituto Duartiano
910 ## - VALIDACIÓN
Validación VMateo V. Control de calidad. BPMSU
942 ## - ADDED ENTRY ELEMENTS (KOHA)
Source of classification or shelving scheme Dewey Decimal Classification
Koha item type Libros
Existencias
Withdrawn status Lost status Source of classification or shelving scheme Damaged status Not for loan Collection code Home library Current library Date acquired Total Checkouts Full call number Barcode Date last seen Price effective from Koha item type Copy number
    Dewey Decimal Classification     Colección Dominicana Biblioteca Pública Metropolitana Salomé Ureña Biblioteca Pública Metropolitana Salomé Ureña 03/13/2025   BPMSU CD 923.27293 D812r 2023 BPMSU25030080 03/13/2025 03/13/2025 Libros  
    Dewey Decimal Classification     Colección Dominicana Biblioteca Pública Metropolitana Salomé Ureña Biblioteca Pública Metropolitana Salomé Ureña 03/13/2025   BPMSU CD 923.27293 D812r 2023 BPMSU25030081 03/13/2025 03/13/2025 Libros e.2